[Event "Ship Zenith op 8th"]
[Site "Ship Zenith"]
[Date "2019.11.13"]
[Round "5.5"]
[White "Villa Caiguelas, Pascual"]
[Black "Penas Fuster, Jaime"]
[Result "0-1"]
[WhiteElo "1549"]
[BlackElo "1924"]
[PlyCount "73"]
[EventDate "2019.11.09"]
[EventType "swiss"]
[EventRounds "8"]
[EventCountry "ESP"]
[SourceTitle "EXT 2024"]
[Source "ChessBase"]
[SourceDate "2023.10.10"]
[SourceVersion "1"]
[SourceVersionDate "2023.10.10"]
[SourceQuality "1"]

1. d4 d5 2. c4 c6 3. cxd5 cxd5 4. Nc3 Nf6 5. Bg5 e6 6. Nf3 Be7 7. e3 a6 8. Bd3 b5 9. Qc2 Nbd7 10. 0-0 Bb7 11. a3 Rc8 12. Qe2 0-0 13. Ne1 Ne4 14. Bxe7 Qxe7 15. Nd1 Ndf6 16. f3 Nd6 17. Bb1 Nc4 18. Nd3 e5 19. Re1 Nd7 20. b3 Nxa3 21. dxe5 Nxb1 22. Rxb1 Nxe5 23. Nf4 Rc7 24. Qd2 Qc5 25. Nd3 Nxd3 26. Qxd3 Qc2 27. Nf2 Qxd3 28. Nxd3 Rc3 29. Red1 Bc8 30. b4 Bf5 31. e4 dxe4 32. fxe4 Bxe4 33. Nc5 Bxb1 34. Rxb1 a5 35. Nd7 Rd8 36. Ne5 a4 37. Rf1 0-1

[Event "Sabadell Coral Colon op 13th"]
[Site "Sabadell"]
[Date "2019.04.05"]
[Round "7"]
[White "Villa Caiguelas, Pascual"]
[Black "Carbo Hors, David"]
[Result "0-1"]
[WhiteElo "1488"]
[BlackElo "1787"]
[PlyCount "63"]
[EventDate "2019.02.22"]
[EventType "swiss"]
[EventRounds "8"]
[EventCountry "ESP"]
[SourceTitle "CBM 190 Extra"]
[Source "ChessBase"]
[SourceDate "2019.07.15"]
[SourceVersion "1"]
[SourceVersionDate "2019.07.15"]
[SourceQuality "1"]

1. d4 f5 2. c4 g6 3. Nf3 Bg7 4. Nc3 Nf6 5. e3 0-0 6. Bd3 d6 7. 0-0 Nc6 8. a3 a6 9. Re1 h6 10. d5 Ne5 11. Nd4 Nxd3 12. Qxd3 e5 13. dxe6 c5 14. Nf3 Bxe6 15. e4 Kh8 16. exf5 Bxf5 17. Qd1 g5 18. Nd5 Ne4 19. Nd2 Nxf2 20. Qb3 Nd3 21. Re2 Bd4+ 22. Ne3 Nf4 23. Rf2 Bd3 24. Nf3 Ne2+ 25. Rxe2 Bxe2 26. Bd2 Bxf3 27. gxf3 Rxf3 28. Qxb7 Bxe3+ 29. Bxe3 Rxe3 30. Rf1 Re7 31. Qf3 Rg7 32. Qd5 0-1

[Event "Sabadell Coral Colon op 12th"]
[Site "Sabadell"]
[Date "2018.04.06"]
[Round "8"]
[White "Sola Montoya, Josep"]
[Black "Villa Caiguelas, Pascual"]
[Result "1-0"]
[WhiteElo "1534"]
[BlackElo "1582"]
[PlyCount "94"]
[EventDate "2018.02.09"]
[EventType "swiss"]
[EventRounds "9"]
[EventCountry "ESP"]
[SourceTitle "EXT 2019"]
[Source "ChessBase"]
[SourceDate "2018.10.10"]
[SourceVersion "1"]
[SourceVersionDate "2018.10.10"]
[SourceQuality "1"]

1. d4 Nf6 2. Nf3 e6 3. c4 d6 4. Nc3 b6 5. e4 Be7 6. Bg5 0-0 7. Rc1 h6 8. Bh4 Bb7 9. Qc2 Nh5 10. Bxe7 Qxe7 11. Be2 Nf4 12. 0-0 Nxe2+ 13. Nxe2 Nd7 14. Rfe1 Nf6 15. Ng3 Nd7 16. d5 a5 17. Qc3 Bc8 18. e5 dxe5 19. Nxe5 Nxe5 20. Rxe5 f6 21. Re3 e5 22. f4 Qc5 23. fxe5 fxe5 24. Kh1 Bd7 25. Ne4 Qe7 26. Rce1 Rae8 27. Nd2 Qg5 28. Nf3 Qf6 29. Rxe5 Rxe5 30. Rxe5 Bg4 31. Re3 Qf5 32. Qd3 Qf6 33. h3 Bxf3 34. Rxf3 Qxb2 35. Rxf8+ Kxf8 36. Qf5+ Kg8 37. Qc8+ Kh7 38. Qxc7 Qd4 39. Qe7 Qxc4 40. Qe5 Qf1+ 41. Kh2 Qf8 42. d6 Kg8 43. Qe6+ Qf7 44. Qc8+ Kh7 45. Qg4 h5 46. Qd4 Qd7 47. Qxb6 h4 1-0

[Event "Llinars del Valles op 11th B"]
[Site "Llinars del Valles"]
[Date "2017.04.22"]
[Round "1.19"]
[White "Lajarin Rallo, Marc"]
[Black "Villa Caiguelas, Pascual"]
[Result "0-1"]
[WhiteElo "1208"]
[BlackElo "1591"]
[PlyCount "98"]
[EventDate "2017.04.22"]
[EventType "swiss"]
[EventRounds "9"]
[EventCountry "ESP"]
[SourceTitle "EXT 2024"]
[Source "ChessBase"]
[SourceDate "2023.10.10"]
[SourceVersion "1"]
[SourceVersionDate "2023.10.10"]
[SourceQuality "1"]

1. d4 Nf6 2. c4 e6 3. Nc3 Be7 4. Bf4 0-0 5. Nf3 Nh5 6. Bg3 f5 7. h3 d6 8. Qc2 b6 9. e3 Bb7 10. Bd3 h6 11. e4 f4 12. Bh2 Nd7 13. 0-0-0 c5 14. d5 e5 15. Nb5 a6 16. Nc3 Nb8 17. Qe2 Nf6 18. g3 Bc8 19. gxf4 Bxh3 20. fxe5 Ne8 21. exd6 Bg4 22. dxe7 Qxe7 23. d6 Nxd6 24. Nd5 Qd8 25. Bf4 Nc6 26. Rdg1 Nd4 27. Qe3 Bxf3 28. Rh3 N6f5 29. exf5 Re8 30. Bxh6 Rxe3 31. Rxg7+ Kh8 32. Bg5+ Kxg7 33. Bxd8 Re1+ 34. Kd2 Rd1+ 35. Ke3 Rxd8 36. f6+ Kf7 37. Rh7+ Ke6 38. Re7+ Kd6 39. Bg6 Bxd5 40. cxd5 Re1+ 41. Kd3 Rxe7 42. fxe7 Kxe7 43. f4 Rxd5 44. Be4 Rd6 45. Kc4 Ne2 46. Bb7 Rd4+ 47. Kb3 a5 48. f5 Kf6 49. Ba6 Ng3 0-1

[Event "Sabadell op 11th"]
[Site "Sabadell"]
[Date "2017.??.??"]
[Round "5.5"]
[White "Fernandez Aguilar, Francisco"]
[Black "Villa Caiguelas, Pascual"]
[Result "1-0"]
[WhiteElo "2108"]
[BlackElo "1628"]
[PlyCount "75"]
[EventDate "2017.02.03"]
[EventType "swiss"]
[EventRounds "9"]
[EventCountry "ESP"]
[SourceTitle "EXT 2024"]
[Source "ChessBase"]
[SourceDate "2023.10.10"]
[SourceVersion "1"]
[SourceVersionDate "2023.10.10"]
[SourceQuality "1"]

1. d4 Nf6 2. Nf3 e6 3. Bg5 d5 4. e3 c5 5. c3 c4 6. e4 Be7 7. e5 Nfd7 8. h4 0-0 9. Nbd2 f6 10. exf6 Nxf6 11. Ne5 Nc6 12. b3 cxb3 13. axb3 Nxe5 14. dxe5 Nd7 15. Bxe7 Qxe7 16. Nf3 Nc5 17. Bd3 h6 18. Bc2 b6 19. Nd4 Bb7 20. Qg4 Qf7 21. 0-0 Rae8 22. Bg6 Qe7 23. Bxe8 Qxe8 24. Rxa7 Rf7 25. Qg6 Qe7 26. b4 Ne4 27. Qxe6 Nxc3 28. Qxe7 Rxe7 29. Nc6 Bxc6 30. Rxe7 Bb5 31. Ra1 Ba4 32. Rc7 Ne2+ 33. Kf1 Bb5 34. Raa7 d4 35. Rxg7+ Kf8 36. Ke1 d3 37. e6 Nc3 38. Raf7+ 1-0

[Event "Llinars del Valles op-B 10th"]
[Site "Llinars del Valles"]
[Date "2016.05.28"]
[Round "8"]
[White "Villa Caiguelas, Pascual"]
[Black "Lazaro Valls, Xavier"]
[Result "0-1"]
[WhiteElo "1638"]
[BlackElo "1581"]
[PlyCount "54"]
[EventDate "2016.04.02"]
[EventType "swiss"]
[EventRounds "9"]
[EventCountry "ESP"]
[SourceTitle "CBM 172 Extra"]
[Source "ChessBase"]
[SourceDate "2016.06.21"]
[SourceVersion "1"]
[SourceVersionDate "2016.06.21"]
[SourceQuality "1"]

1. d4 c5 2. d5 g6 3. e4 Bg7 4. Nf3 b5 5. c3 Nf6 6. Bd3 0-0 7. 0-0 e6 8. d6 Nc6 9. Re1 c4 10. Bc2 Ng4 11. h3 Nge5 12. Nxe5 Nxe5 13. f4 Nc6 14. e5 f6 15. Be4 fxe5 16. fxe5 Bb7 17. Nd2 Nxe5 18. Bxb7 Qb6+ 19. Kh1 Qxb7 20. Ne4 Nd3 21. Re2 Rf7 22. Ng5 Nf2+ 23. Rxf2 Rxf2 24. Nf3 Qe4 25. Bd2 Rf8 26. Qg1 R8xf3 27. Re1 Rxh3+ 0-1

[Event "Llinars del Valles op-B 8th"]
[Site "Llinars del Valles"]
[Date "2015.05.02"]
[Round "4"]
[White "Villa Caiguelas, Pascual"]
[Black "Lobo Bruguera, Xavier"]
[Result "1-0"]
[WhiteElo "1865"]
[BlackElo "1763"]
[PlyCount "85"]
[EventDate "2015.04.11"]
[EventType "swiss"]
[EventRounds "9"]
[EventCountry "ESP"]
[SourceTitle "EXT 2016"]
[Source "ChessBase"]
[SourceDate "2015.10.08"]
[SourceVersion "1"]
[SourceVersionDate "2015.10.08"]
[SourceQuality "1"]

1. d4 Nf6 2. c4 g6 3. Nc3 d6 4. e4 Bg7 5. Nf3 0-0 6. Be2 c5 7. d5 Nbd7 8. 0-0 Ne8 9. Be3 Ne5 10. Nd2 f5 11. exf5 Bxf5 12. Nf3 Nxf3+ 13. Bxf3 Nf6 14. h3 Bc8 15. Re1 Nd7 16. Qe2 Ne5 17. Be4 Bf5 18. Bg5 h6 19. Bh4 g5 20. Bg3 Qd7 21. f4 gxf4 22. Bxf4 Bxe4 23. Qxe4 Qf5 24. Qxf5 Rxf5 25. Bxe5 Bxe5 26. Rab1 Raf8 27. Ne4 Bd4+ 28. Kh1 R5f7 29. Nd2 a6 30. Nf3 Bf6 31. a4 Rb8 32. b3 a5 33. Re4 Kh7 34. Rf1 Rbf8 35. Rfe1 Re8 36. h4 Rg7 37. Kh2 Reg8 38. R1e2 Rg3 39. h5 R8g7 40. R4e3 Kg8 41. Re4 Kf8 42. Rf4 Ke8 43. Rxf6 1-0

[Event "Llinars del Valles op-B 8th"]
[Site "Llinars del Valles"]
[Date "2015.04.25"]
[Round "3"]
[White "Lazaro Valls, Xavier"]
[Black "Villa Caiguelas, Pascual"]
[Result "1-0"]
[WhiteElo "1811"]
[BlackElo "1865"]
[PlyCount "89"]
[EventDate "2015.04.11"]
[EventType "swiss"]
[EventRounds "9"]
[EventCountry "ESP"]
[SourceTitle "EXT 2016"]
[Source "ChessBase"]
[SourceDate "2015.10.08"]
[SourceVersion "1"]
[SourceVersionDate "2015.10.08"]
[SourceQuality "1"]

1. e4 c5 2. Nf3 Nc6 3. c3 e5 4. d4 exd4 5. cxd4 cxd4 6. Nxd4 Nf6 7. Nc3 Bb4 8. Nxc6 Bxc3+ 9. bxc3 bxc6 10. Ba3 d5 11. exd5 Qxd5 12. Qxd5 Nxd5 13. c4 Nb6 14. 0-0-0 Be6 15. g3 Nxc4 16. Bxc4 Bxc4 17. Rhe1+ Be6 18. f4 c5 19. f5 0-0 20. fxe6 fxe6 21. Rxe6 Rf2 22. Rd2 Rf1+ 23. Kc2 Rb8 24. Red6 Rb5 25. Rd8+ Kf7 26. R8d7+ Kg6 27. Rxa7 Kh6 28. Bb2 g6 29. Bc1 g5 30. a4 Rb4 31. Bb2 Rc4+ 32. Bc3 Rf3 33. Rd3 Rf2+ 34. Kd1 Re4 35. Rd2 Rf1+ 36. Kc2 c4 37. Rad7 Rf3 38. R7d4 Ree3 39. Rxc4 Kh5 40. a5 Re6 41. Rcd4 Rc6 42. R4d3 Rf5 43. Rd6 Rc4 44. R6d4 Rc6 45. g4+ 1-0

[Event "Llinars del Valles op-B 7th"]
[Site "Llinars del Valles"]
[Date "2013.05.25"]
[Round "6"]
[White "Granados Aguilera, Cristian"]
[Black "Villa Caiguelas, Pascual"]
[Result "1/2-1/2"]
[WhiteElo "1470"]
[BlackElo "1718"]
[PlyCount "69"]
[EventDate "2013.04.13"]
[EventType "swiss"]
[EventRounds "7"]
[EventCountry "ESP"]
[SourceTitle "CBM 154 Extra"]
[Source "ChessBase"]
[SourceDate "2013.06.25"]
[SourceVersion "2"]
[SourceVersionDate "2013.06.25"]
[SourceQuality "1"]

1. e4 c5 2. Nf3 Nc6 3. d4 cxd4 4. Nxd4 e5 5. Nb5 d6 6. N1c3 a6 7. Na3 Nf6 8. Bg5 Be7 9. Bxf6 Bxf6 10. Nd5 b5 11. c3 Bb7 12. Nc2 Bg5 13. a4 bxa4 14. Nce3 0-0 15. Qxa4 Bxe3 16. Nxe3 a5 17. Bc4 Ne7 18. Rd1 Qb6 19. Qc2 a4 20. Nd5 Nxd5 21. Bxd5 Bxd5 22. Rxd5 a3 23. bxa3 Rxa3 24. 0-0 Qc6 25. Qd2 Rd8 26. Rxe5 Rxc3 27. Rd1 h6 28. Rd5 Rc4 29. Qe2 Qa4 30. Qd3 Rxe4 31. Rxd6 Rxd6 32. Qxd6 Qe8 33. g3 Re1+ 34. Rxe1 Qxe1+ 35. Kg2 1/2-1/2

[Event "Llinars del Valles op-B 5th"]
[Site "Llinars del Valles"]
[Date "2011.06.04"]
[Round "7"]
[White "Carro Bonet, Jaume"]
[Black "Villa Caiguelas, Pascual"]
[Result "0-1"]
[WhiteElo "1667"]
[BlackElo "1761"]
[PlyCount "70"]
[EventDate "2011.04.30"]
[EventType "swiss"]
[EventRounds "7"]
[EventCountry "ESP"]
[SourceTitle "EXT 2012"]
[Source "ChessBase"]
[SourceDate "2011.11.24"]
[SourceVersion "1"]
[SourceVersionDate "2011.11.24"]
[SourceQuality "1"]

1. e4 c5 2. Nf3 Nc6 3. d4 cxd4 4. Nxd4 e5 5. Nb5 d6 6. c4 Be6 7. N1c3 a6 8. Na3 Nf6 9. Nc2 g6 10. Be2 Bg7 11. 0-0 0-0 12. Bg5 Qd7 13. Qd2 Rfe8 14. Rad1 Rad8 15. b4 Qc7 16. Nd5 Bxd5 17. Bxf6 Bxf6 18. cxd5 Nd4 19. Nxd4 exd4 20. Rc1 Qb6 21. Bd3 Rc8 22. a4 Rc3 23. Rb1 Rec8 24. g3 Kg7 25. Kg2 Qd8 26. b5 a5 27. Rfc1 Bg5 28. f4 Bf6 29. h4 b6 30. Kh3 R8c5 31. g4 Qc8 32. Re1 Rxd3+ 33. Qxd3 Rc3 34. Qxc3 Qxc3+ 35. Kg2 Bxh4 0-1

[Event "Llinars del Valles op-B 5th"]
[Site "Llinars del Valles"]
[Date "2011.05.07"]
[Round "2"]
[White "Villa Caiguelas, Pascual"]
[Black "Serra Canals, Oriol"]
[Result "0-1"]
[WhiteElo "1761"]
[BlackElo "1606"]
[PlyCount "60"]
[EventDate "2011.04.30"]
[EventType "swiss"]
[EventRounds "7"]
[EventCountry "ESP"]
[SourceTitle "EXT 2012"]
[Source "ChessBase"]
[SourceDate "2011.11.24"]
[SourceVersion "1"]
[SourceVersionDate "2011.11.24"]
[SourceQuality "1"]

1. e4 e5 2. Nf3 Nc6 3. Bb5 d6 4. Nc3 Nf6 5. d3 Be7 6. h3 0-0 7. Be3 a6 8. Ba4 b5 9. Bb3 Be6 10. 0-0 b4 11. Ne2 Nb8 12. Ng5 Bxb3 13. axb3 c5 14. f4 exf4 15. Nxf4 d5 16. exd5 Nxd5 17. Nxd5 Bxg5 18. Bxg5 Qxg5 19. Qf3 Nc6 20. Nc7 Nd4 21. Qe4 Rac8 22. Nxa6 Rfe8 23. Qb7 Ne2+ 24. Kh1 Ng3+ 25. Kg1 Nxf1 26. Rxf1 Qe7 27. Qb5 Qa7 28. Qc4 Re6 29. Nxb4 cxb4+ 30. Kh1 Rxc4 0-1

[Event "Llinars del Valles op-B 5th"]
[Site "Llinars del Valles"]
[Date "2011.04.30"]
[Round "1"]
[White "Garcia Castany, Jose"]
[Black "Villa Caiguelas, Pascual"]
[Result "0-1"]
[WhiteElo "1422"]
[BlackElo "1761"]
[PlyCount "46"]
[EventDate "2011.04.30"]
[EventType "swiss"]
[EventRounds "7"]
[EventCountry "ESP"]
[SourceTitle "EXT 2012"]
[Source "ChessBase"]
[SourceDate "2011.11.24"]
[SourceVersion "1"]
[SourceVersionDate "2011.11.24"]
[SourceQuality "1"]

1. d4 Nf6 2. c4 e5 3. dxe5 Ne4 4. Qd5 Bb4+ 5. Bd2 Nxd2 6. Nxd2 0-0 7. a3 Be7 8. Nb3 Nc6 9. Rd1 d6 10. exd6 Bxd6 11. Nf3 Be6 12. Qd3 Qf6 13. Qc3 Qxc3+ 14. bxc3 Bxa3 15. e3 Bb2 16. Kd2 Rad8+ 17. Nfd4 Ba3 18. Ra1 Be7 19. Bd3 Ne5 20. Nxe6 Rxd3+ 21. Kc2 fxe6 22. Rhd1 Rxf2+ 23. Kc1 Rxc3+ 0-1

[Event "Sabadell Colon op 4th"]
[Site "Sabadell"]
[Date "2010.02.05"]
[Round "2.3"]
[White "Ramon Solans, Albert"]
[Black "Villa Caiguelas, Pascual"]
[Result "1-0"]
[WhiteElo "2166"]
[BlackElo "1786"]
[PlyCount "73"]
[EventDate "2010.01.29"]
[EventType "swiss"]
[EventRounds "9"]
[EventCountry "ESP"]
[SourceTitle "EXT 2024"]
[Source "ChessBase"]
[SourceDate "2023.10.10"]
[SourceVersion "1"]
[SourceVersionDate "2023.10.10"]
[SourceQuality "1"]

1. e4 e5 2. Nf3 Nc6 3. Bc4 Bc5 4. b4 Bxb4 5. c3 Bc5 6. 0-0 Nf6 7. d4 Bb6 8. dxe5 Nxe4 9. Qd5 0-0 10. Qxe4 Na5 11. Ng5 g6 12. Qh4 h5 13. Be2 f6 14. Ne4 fxe5 15. Bg5 Qe8 16. Nf6+ Rxf6 17. Bxf6 d6 18. Nd2 Bf5 19. Qg5 Kf7 20. Qh4 Qe6 21. Bg5 Rh8 22. Be3 c5 23. Rad1 Bd8 24. Bg5 Bxg5 25. Qxg5 h4 26. Nb3 Nc6 27. h3 c4 28. Nd2 d5 29. Nf3 Rh5 30. Qxh5 gxh5 31. Ng5+ Kg6 32. Nxe6 Bxe6 33. f4 e4 34. f5+ Bxf5 35. Bxh5+ Kxh5 36. Rxf5+ Kg6 37. Rfxd5 1-0